00391pab a2200133 454500008004000000100002000040245007100060260000900131300001400140362000800154650002000162700002200182773005300204180718b2008 xxu||||| |||| 00| 0 eng d aJeyapriya, S.P. aEnergy recovery from municipal solid waste in an anaerobic reactor c2008 ap.235-38. aJul aWaste treatment aSaseetharan, M.K. aJournal of Environmental Science and Engineering